000 01017nam a2200301 i 4500
003 DO-SdBNP
005 20250321073607.0
007 ta
008 220808b2022 dr ||||| |||| 00| f spa d
020 _a9789945635034
040 _aDO-SdBNP
_bspa
_cBNPHU
_erda
082 4 _aRD863.5
_bM528L, 2022
_222
100 1 _981212
_aMelo Medina, Andrés,
_d1952-
_eautor
245 1 3 _aLa joven de los dos toyotas /
_cAndrés Melo Medina ; prólogo, Rafael Peralta Romero.
250 _a2a. ed.
264 _aSanto Domingo :
_bSantuario,
_c2022.
300 _a183 páginas ;
_c23 cm.
336 _2rdacontent
_atexto
_btxt
337 _2rdamedia
_asin mediación
_bn
338 _2rdacarrier
_avolumen
_bnc
500 _aIncluye datos biográficos del autor en la página 185-186
590 _aInventariado, 2022 /LP
650 0 _aNovela dominicana
_9223
650 4 _aLiteratura dominicana
700 1 _aPeralta Romero, Rafael,
_d1948-
_eprólogo
_979774
910 _aLopérez. Validado, 2023/MFF
942 _2ddc
_cLBS1
999 _c52276
_d52276